02832nam a22002297a 450000500170000000700150001700800410003202000220007303500100009504000090010510000380011424501960015225600240034826000290037230000280040150017550042950602700218465000300245465000390248474000380252385600410256120240305165641.0cr|||| |||| 220913s2021 ea |||||s|||| 00||0 spa d a978-84-1122-255-6 a37078 avLex1 aMartí Sánchez, José María10aPatrimonio cultural de interés religioso (católico) y nuevos usosh[Recurso electrónico] :bComparación del derecho español, italiano y francés /cJosé María Martí Sánchez aServicio en línea aMadrid:bDykinson,c2021 a1 recurso electrónico aEl estudio se enmarca en el Proyecto Claustrat (El patrimonio material e inmaterial de los conventos de Toledo y su Diócesis) a cargo de un equipo interdisciplinar (historiadores, especialistas en arte, arquitectos, juristas, economistas, etc.), reflejo de la densa materia tratada. El patrimonio o bienes culturales de un país constituyen el soporte material de tantos otros principios de su convivencia civilizada. En este acervo se singulariza la aportación de la vida consagrada y las manifestaciones de fe del pueblo. En el Cristianismo, la construcción religiosa tiene su funcionalidad, su simbolismo y vocación propia, pues entre sus muros se desarrolla un estilo de vida orientada a la esperanza que lo alimenta. Cuando hablamos de iglesia, o de oratorio de casa religiosa (edificios sagrados por antonomasia), nos referimos sobre todo a la riqueza histórico-artística y fuerza evocadora que transmiten. El Derecho, en cometido conjunto de la comunidad civil y de fe, ampara la dimensión espiritual que allí alienta y tutela su legado. ¿Pero qué ocurre cuando la funcionalidad y sostenibilidad del patrimonio se tambalea? ¿Cómo las normas eclesiásticas y los Poderes públicos pueden dirigir el proceso de readaptación, sin merma de personas, principios y cosas? Contemplar la experiencia jurídica, ante el deterioro de la vida religiosa y el abandono de los templos católicos, en países como Italia y Francia, nos ayuda a tomar conciencia del problema en España. Esta monografía quiere explicar el Derecho aplicable al recinto sacro en busca de nuevos usos, en defensa de su interés religioso y cultural, pero también buscar soluciones o, como hoy se prefiere, perfilar las “mejores prácticas”.1 aDisponible solo en los productos indicadosdvLex GlobaldvLex Global (Academic Edition, excluding Law Schools)dvLex Global (U.S. Academic Edition, Law Schools)dvLex Global (U.S. Academic Edition, excluding Law Schools)dvLex Global (Academic Edition, Law Schools)04aDerecho MilitarzEspaña04aFilosofía y religiónzEspaña0 avLex Libros (Servicio en línea)40uhttps://app.vlex.com/#/sources/37078